Statistiques concernant Départements français qui battent la Gironde

Cliquez ici pour prendre le quiz!

Statistiques générales

  • Ce quiz a été pris 2 743 fois
  • Le résultat moyen est 10 sur 20

Statistiques - réponses

RangCatégorieDépartements% Correct
4Plus peuplé hors Ile-de-FranceNord | Rhône | Bouches-du-Rhône
95%
3Le plus au Sud bordant l'Atlantique (en métropole)Pyrénées-Atlantiques | Landes
83%
7Equipe ayant passé le plus d'années en Ligue 1Paris | Rhône | Bouches-du-Rhône | Nord |
Ille-et-Vilaine | Alpes-Maritimes
81%
2Plus grande superficieGuyane
70%
3Premier dans l'ordre alphabétique
en commençant par G
Gard | Gers
66%
5Embouchure du plus long fleuveLoire-Atlantique | Bouches-du-Rhône | Calvados | Seine-Maritime
62%
3Le plus de forêtsGuyane | Landes
59%
3Plus grande ville à l'ouest de ParisHaute-Garonne | Loire-Atlantique
59%
3Premier dont le numéro départemental
est un double chiffre
Aude | Côtes-d'Armor
55%
5Plus deviné sur JetPunk,
entièrement à l'ouest de Paris
Guyane | Martinique | Guadeloupe | Finistère
53%
2Plus grand lac naturelHaute-Savoie
52%
12Le plus de campingsVendée | Charente-Maritime | Ardèche | Finistère | Morbihan | Dordogne | Var | Hérault | Pyrénées-Orientales | Landes | Côtes-d'Armor
46%
5Le plus de cambriolages par habitantVaucluse | Seine-Saint-Denis | Loire-Atlantique | Paris
45%
5Réseau autoroutier le plus développéPas-de-Calais | Bouches-du-Rhône | Nord | Côte-d'Or
43%
7Commune la plus étendue
(en France métropolitaine)
Bouches-du-Rhône | Savoie | Maine-et-Loire | Pyrénées-Atlantiques | Yonne | Hautes-Pyrénées
36%
6Plus haute cathédrale ayant existéeOise | Seine-Maritime | Bas-Rhin | Calvados | Eure-et-Loir
31%
2Plus grande ville sur l'estuaire de la GirondeCharente-Maritime
30%
7Meilleure espérance de vie des hommes
à la naissance (hors Ile-de-France)
Rhône | Haute-Garonne | Isère | Haute-Savoie | Tarn | Tarn-et-Garonne
29%
5Altitude maximale la plus basseLoire-Atlantique | Val-de-Marne | Paris | Seine-Saint-Denis
28%
2Plus long mandat de maire
au sein d'une préfecture
Martinique
4%

Distribution des résultats

Percentile par nombre de réponses

% des personnes avec chaque résultat

Votre développement - résultats

Vous n’avez pas pris ce quiz